[Event "4NCL"]
[Site "Barcelo Hotel, Hinkley Island,"]
[Date "2011.04.30"]
[Round "9.65"]
[White "McMahon, Paul"]
[Black "Mackenzie, Colin"]
[Result "1/2-1/2"]
[WhiteElo "2037"]
[BlackElo "2118"]
[PlyCount "83"]
[EventDate "2011.??.??"]
[WhiteTeam "Poisoned Pawns 2"]
[BlackTeam "Kings Head"]

1. Nc3 e6 2. e4 d5 3. exd5 exd5 4. d4 Nf6 5. Bd3 c6 6. Nf3 Bd6 7. O-O O-O 8. h3
Re8 9. Re1 Nbd7 10. Rxe8+ Qxe8 11. Qe2 Qd8 12. Bd2 Nf8 13. Re1 Ne6 14. Nd1 Bd7
15. c4 dxc4 16. Bxc4 Qb6 17. Bc3 Nf4 18. Qd2 N4d5 19. Ne5 Bf5 20. Ba5 Bb4 21.
Bxb4 Qxb4 22. Qxb4 Nxb4 23. Bxf7+ Kf8 24. Bb3 Bc2 25. Bc4 Rd8 26. a3 Nbd5 27.
Ne3 Be4 28. Nxd5 Bxd5 29. Bxd5 Rxd5 30. Nf3 Rb5 31. Re2 Rb3 32. Kf1 Nd5 33. Ne5
Nf4 34. Rd2 Ke7 35. Nc4 Kd7 36. h4 b5 37. Ne5+ Kd6 38. Rc2 c5 39. Nf3 c4 40.
Nd2 Rd3 41. Ne4+ Kc6 42. f3 1/2-1/2

[Event "4NCL"]
[Site "Barcelo Hotel, Hinkley Island,"]
[Date "2011.04.30"]
[Round "9.66"]
[White "Haria, Ravi"]
[Black "Bailey, Kevin J"]
[Result "1-0"]
[WhiteElo "1984"]
[BlackElo "2029"]
[PlyCount "89"]
[EventDate "2011.??.??"]
[WhiteTeam "Kings Head"]
[BlackTeam "Poisoned Pawns 2"]

1. e4 c5 2. Nf3 e6 3. c3 d5 4. e5 d4 5. Bd3 Nc6 6. O-O Nge7 7. Re1 Ng6 8. Bxg6
hxg6 9. d3 Be7 10. a4 b6 11. Na3 Bb7 12. Nc4 O-O 13. Qe2 dxc3 14. bxc3 Ba6 15.
Bf4 Qd7 16. Nd6 Na5 17. Rad1 Qxa4 18. Bg5 Qd7 19. Bxe7 Qxe7 20. Qe4 Bb7 21. Qg4
Bxf3 22. Qxf3 Rad8 23. Ne4 Qh4 24. g3 Qh5 25. Qg2 Qxe5 26. f4 Qd5 27. Qh3 Qh5
28. Qg2 Rfe8 29. Ng5 Qg4 30. Nf3 f6 31. Re3 Kf7 32. Rf1 Kg8 33. h3 Qh5 34. Rfe1
Qd5 35. c4 Qc6 36. Qe2 Rd6 37. Nh4 g5 38. fxg5 fxg5 39. Ng6 e5 40. Nxe5 Qc8 41.
Qh5 Rh6 42. Qf7+ Kh7 43. Nf3 Rxe3 44. Nxg5+ Kh8 45. Rxe3 1-0

[Event "4NCL"]
[Site "Barcelo Hotel, Hinkley Island,"]
[Date "2011.04.30"]
[Round "9.71"]
[White "Shridhar Mitesh"]
[Black "Webb, Richard M"]
[Result "1-0"]
[WhiteElo "2118"]
[BlackElo "2268"]
[PlyCount "55"]
[EventDate "2011.??.??"]
[WhiteTeam "Cambridge University 2"]
[BlackTeam "AMCA Dragons"]

1. e4 c5 2. c3 Nf6 3. e5 Nd5 4. d4 cxd4 5. Nf3 Nc6 6. cxd4 d6 7. Bc4 Nb6 8. Bb3
dxe5 9. d5 Na5 10. Nc3 Nxb3 11. Qxb3 e6 12. Nxe5 exd5 13. Be3 Bd6 14. Qb5+ Kf8
15. Nf3 Bd7 16. Qb3 Nc4 17. Qxb7 Nxe3 18. fxe3 Rb8 19. Qxa7 Rxb2 20. O-O h5 21.
Nxd5 Rh6 22. Qd4 Qb8 23. h4 Kg8 24. Ng5 Be8 25. Qe4 Bh2+ 26. Kh1 Qe5 27. Ne7+
Kh8 28. Rxf7 1-0

[Event "4NCL"]
[Site "Barcelo Hotel, Hinkley Island,"]
[Date "2011.04.30"]
[Round "9.73"]
[White "Beckett, Chris J"]
[Black "Holland, James P"]
[Result "0-1"]
[WhiteElo "2101"]
[BlackElo "2110"]
[PlyCount "70"]
[EventDate "2011.??.??"]
[WhiteTeam "Cambridge University 2"]
[BlackTeam "AMCA Dragons"]

1. d4 d5 2. c4 e6 3. Nc3 c5 4. cxd5 exd5 5. Nf3 Nc6 6. g3 Nf6 7. Bg2 Be7 8. O-O
O-O 9. dxc5 Bxc5 10. Na4 Be7 11. Be3 Bg4 12. Rc1 Re8 13. Nc5 b6 14. Nb3 Qd7 15.
Nbd4 Nxd4 16. Bxd4 Qf5 17. Re1 Ne4 18. a3 h5 19. Qd3 Bh3 20. b4 h4 21. Rc6 hxg3
22. hxg3 Bd6 23. Nh4 Qd7 24. b5 Rad8 25. Kh2 Bg4 26. Nf3 Re6 27. Rh1 Qe7 28.
Kg1 Bf5 29. Qb3 Bxa3 30. Rxe6 fxe6 31. Ne5 Rf8 32. Qe3 Bc5 33. Bxe4 Bxe4 34.
Nc6 Qf6 35. Bxc5 Qa1+ 0-1

[Event "4NCL"]
[Site "Barcelo Hotel, Hinkley Island,"]
[Date "2011.04.30"]
[Round "9.74"]
[White "Galliano, Alexander"]
[Black "Quist, Sven Roy"]
[Result "1/2-1/2"]
[WhiteElo "2102"]
[BlackElo "2150"]
[PlyCount "75"]
[EventDate "2011.??.??"]
[WhiteTeam "AMCA Dragons"]
[BlackTeam "Cambridge University 2"]

1. e4 c5 2. c3 Nf6 3. e5 Nd5 4. d4 cxd4 5. Nf3 Nc6 6. Bc4 Nb6 7. Bb3 d5 8. exd6
Qxd6 9. O-O Be6 10. Na3 dxc3 11. Qe2 Bxb3 12. Nb5 Qb8 13. axb3 e5 14. bxc3 f6
15. Nbd4 Nxd4 16. Nxd4 Kf7 17. Nb5 a6 18. Be3 axb5 19. Bxb6 Rxa1 20. Rxa1 Qe8
21. Ra5 b4 22. Qc4+ Qe6 23. cxb4 Qxc4 24. bxc4 Bxb4 25. Ra7 Rc8 26. Rxb7+ Kg6
27. Rc7 Rxc7 28. Bxc7 Bc5 29. Kf1 Kf5 30. f3 Ke6 31. Ke2 f5 32. Kd3 g6 33. Ba5
Bg1 34. h3 Kd6 35. Bb4+ Kc6 36. Bc3 Bh2 37. Bb4 Bg1 38. Bc3 1/2-1/2

[Event "4NCL"]
[Site "Barcelo Hotel, Hinkley Island,"]
[Date "2011.04.30"]
[Round "9.75"]
[White "Spencer, Carl J"]
[Black "Frostick, Clive A"]
[Result "0-1"]
[WhiteElo "2166"]
[BlackElo "2162"]
[PlyCount "72"]
[EventDate "2011.??.??"]
[WhiteTeam "Cambridge University 2"]
[BlackTeam "AMCA Dragons"]

1. e4 c5 2. Nf3 Nf6 3. e5 Nd5 4. d4 cxd4 5. Qxd4 e6 6. Bc4 Nc6 7. Qe4 f5 8. Qe2
Nde7 9. O-O Qc7 10. Nc3 a6 11. Re1 Ng6 12. a4 Be7 13. h4 Bxh4 14. Nxh4 Nxh4 15.
f4 Ng6 16. b3 Na5 17. Be3 b6 18. Red1 Bb7 19. Rd6 Nxc4 20. bxc4 Rc8 21. c5 bxc5
22. Rad1 Rd8 23. Qf2 Qa5 24. Bd2 O-O 25. Ne4 Qxa4 26. Nxc5 Qxc2 27. Rc1 Qb2 28.
Nd3 Qb5 29. Rc5 Qb3 30. Nc1 Qd1+ 31. Be1 Qg4 32. Nd3 Be4 33. g3 Nh4 34. Qe3 Qh3
35. Rc2 Qh1+ 36. Kf2 Qg2# 0-1

[Event "4NCL"]
[Site "Barcelo Hotel, Hinkley Island,"]
[Date "2011.04.30"]
[Round "9.77"]
[White "Chan, Nevil"]
[Black "Taylor, Mark V"]
[Result "1/2-1/2"]
[WhiteElo "2058"]
[BlackElo "2138"]
[PlyCount "101"]
[EventDate "2011.??.??"]
[WhiteTeam "Cambridge University 2"]
[BlackTeam "AMCA Dragons"]

1. d4 e6 2. Nc3 d5 3. Nf3 c5 4. e4 Nf6 5. Bg5 dxe4 6. Nxe4 cxd4 7. Bxf6 gxf6 8.
Qxd4 Qxd4 9. Nxd4 f5 10. Nc3 a6 11. g3 Bd7 12. Bg2 Bg7 13. Rd1 Nc6 14. Nxc6
Bxc6 15. Bxc6+ bxc6 16. Na4 Ke7 17. b3 Rhd8 18. Ke2 Rd5 19. Nb6 Re5+ 20. Kf3
Rd8 21. a4 Re4 22. Rxd8 Kxd8 23. Rd1+ Kc7 24. Nc4 Bd4 25. h3 h5 26. Rg1 c5 27.
g4 hxg4+ 28. hxg4 Rxg4 29. Rh1 Rg7 30. Rh2 Kd7 31. Ke2 Rg1 32. Kd3 Rd1+ 33. Ke2
Rg1 34. Kd3 e5 35. f3 Rg3 36. Ke2 Ke6 37. Rh6+ f6 38. Rh2 e4 39. Nd2 Bg1 40.
Rh1 Rg2+ 41. Kd1 Be3 42. Nc4 Bd4 43. Re1 Bc3 44. Rf1 Bd4 45. Re1 Kd5 46. c3 Bf2
47. fxe4+ fxe4 48. Re2 Rg1+ 49. Kc2 Bg3 50. Nb6+ Ke5 51. Nd7+ 1/2-1/2

[Event "4NCL"]
[Site "Barcelo Hotel, Hinkley Island,"]
[Date "2011.04.30"]
[Round "9.81"]
[White "Cobb, James E"]
[Black "Savory, Richard J"]
[Result "1-0"]
[WhiteElo "2392"]
[BlackElo "2127"]
[PlyCount "127"]
[EventDate "2011.??.??"]
[WhiteTeam "South Wales Dragons"]
[BlackTeam "Sambuca Black Sheep"]

1. Nf3 d5 2. g3 e6 3. Bg2 Nf6 4. O-O b6 5. c4 Bb7 6. cxd5 exd5 7. Nc3 a6 8. d4
Be7 9. Qa4+ Qd7 10. Bf4 Nc6 11. Rac1 b5 12. Qb3 Rc8 13. Ne5 Nxe5 14. Bxe5 c6
15. Bxf6 Bxf6 16. e3 O-O 17. Ne2 Be7 18. Nf4 Bd6 19. Nd3 Qe7 20. Rc2 g6 21. Nc5
Bxc5 22. Rxc5 Kg7 23. Qc3 Kg8 24. Re1 f5 25. a4 Qd7 26. Qa5 Qd8 27. Qd2 Re8 28.
b3 Qb6 29. h4 Rb8 30. Rec1 Ba8 31. axb5 axb5 32. h5 Bb7 33. Qd1 Rf8 34. Qf3
Rbe8 35. Qf4 Re6 36. Ra1 Qd8 37. hxg6 hxg6 38. Qf3 Qf6 39. Ra7 Re7 40. Qd1 Ra8
41. Bxd5+ cxd5 42. Rxa8+ Bxa8 43. Rc8+ Kg7 44. Rxa8 Qc6 45. Ra5 Rc7 46. Kg2 Qb6
47. Qd2 b4 48. Qa2 Rc1 49. Ra7+ Kh6 50. Qa6 Qxa6 51. Rxa6 Rc3 52. Rd6 Rxb3 53.
Rxd5 Rd3 54. Rb5 b3 55. Kf3 Kg5 56. g4 Rc3 57. Kg3 Rd3 58. Kf3 Rc3 59. gxf5
gxf5 60. Rb6 Rd3 61. Ke2 Rc3 62. f4+ Kg4 63. Rg6+ Kh4 64. Kf3 1-0

[Event "4NCL"]
[Site "Barcelo Hotel, Hinkley Island,"]
[Date "2011.04.30"]
[Round "9.82"]
[White "Varnam, Liam D"]
[Black "Cooper, John G"]
[Result "1/2-1/2"]
[WhiteElo "2112"]
[BlackElo "2363"]
[PlyCount "87"]
[EventDate "2011.??.??"]
[WhiteTeam "Sambuca Black Sheep"]
[BlackTeam "South Wales Dragons"]

1. e4 e6 2. d4 d5 3. Nc3 Bb4 4. e5 c5 5. a3 Bxc3+ 6. bxc3 Ne7 7. Nf3 Qc7 8. Be2
b6 9. O-O Ba6 10. Bxa6 Nxa6 11. Qe2 Nb8 12. a4 Nd7 13. Ba3 O-O 14. Nh4 Rfe8 15.
f4 Ng6 16. Nxg6 fxg6 17. c4 dxc4 18. Qxc4 Rac8 19. d5 exd5 20. Qxd5+ Kh8 21.
Rad1 Nf8 22. Qd6 Qf7 23. Rf3 Ne6 24. Qd7 Qf5 25. Qxa7 Nd4 26. Rf2 Rcd8 27. Rdf1
Nxc2 28. Bc1 Nb4 29. Qxb6 Nd3 30. Rf3 Qe4 31. Qb3 c4 32. Qc3 Rb8 33. Be3 Qc6
34. a5 Rb3 35. Qd4 Ra3 36. Qb6 Qa8 37. Qb5 Rc8 38. Bb6 Ra2 39. Rg3 Qe4 40. Qd7
Rf8 41. Qd6 Re8 42. Qd7 Rf8 43. Qd6 Re8 44. Qd7 1/2-1/2

[Event "4NCL"]
[Site "Barcelo Hotel, Hinkley Island,"]
[Date "2011.04.30"]
[Round "9.83"]
[White "Zeidler, Sven P"]
[Black "Ruston, Mark R"]
[Result "1-0"]
[WhiteElo "2247"]
[BlackElo "2110"]
[PlyCount "65"]
[EventDate "2011.??.??"]
[WhiteTeam "South Wales Dragons"]
[BlackTeam "Sambuca Black Sheep"]

1. e4 e6 2. d4 d5 3. exd5 exd5 4. Nf3 Bd6 5. c4 dxc4 6. Bxc4 Qe7+ 7. Be3 Nf6 8.
O-O O-O 9. Bg5 Bg4 10. Nc3 c6 11. h3 Bh5 12. Re1 Qd8 13. g4 Bg6 14. Ne5 Nbd7
15. f4 Bxe5 16. fxe5 Qa5 17. Qd2 Nb6 18. Bb3 Nfd7 19. h4 h6 20. Nd5 Qxd2 21.
Ne7+ Kh7 22. Bxd2 Bd3 23. Rac1 Nc8 24. Nxc8 Raxc8 25. Bb4 c5 26. dxc5 Rfe8 27.
Ba4 Rcd8 28. Red1 Nxe5 29. Bxe8 Rxe8 30. Bc3 Be4 31. Bxe5 Rxe5 32. Re1 f6 33.
Rc4 1-0

[Event "4NCL"]
[Site "Barcelo Hotel, Hinkley Island,"]
[Date "2011.04.30"]
[Round "9.84"]
[White "Harley-Yeo, Gareth"]
[Black "Redmond, John P"]
[Result "1/2-1/2"]
[WhiteElo "2003"]
[BlackElo "2194"]
[PlyCount "45"]
[EventDate "2011.??.??"]
[WhiteTeam "Sambuca Black Sheep"]
[BlackTeam "South Wales Dragons"]

1. d4 e6 2. Nf3 f5 3. Bf4 Nf6 4. h3 b6 5. e3 Bb7 6. Be2 Be7 7. O-O O-O 8. c4
Ne4 9. Nfd2 Nxd2 10. Qxd2 d6 11. Nc3 Nd7 12. Rfd1 Bf6 13. Rac1 a5 14. Nb5 e5
15. Bh2 Kh8 16. a3 Re8 17. Bf1 Nf8 18. b4 axb4 19. axb4 exd4 20. exd4 Ng6 21.
c5 Bg5 22. f4 Bf6 23. c6 1/2-1/2

[Event "4NCL"]
[Site "Barcelo Hotel, Hinkley Island,"]
[Date "2011.04.30"]
[Round "9.87"]
[White "Roberts, David L"]
[Black "Bridges, Paul L"]
[Result "1-0"]
[WhiteElo "2077"]
[BlackElo "1857"]
[PlyCount "75"]
[EventDate "2011.??.??"]
[WhiteTeam "South Wales Dragons"]
[BlackTeam "Sambuca Black Sheep"]

1. e4 c5 2. Nf3 e6 3. d4 cxd4 4. Nxd4 Nc6 5. Nc3 a6 6. Nxc6 bxc6 7. Bd3 Qc7 8.
O-O d5 9. Qe2 d4 10. Na4 Nf6 11. b3 e5 12. Bd2 Ba3 13. f4 Nd7 14. Bc4 O-O 15.
f5 Be7 16. Rf3 Nf6 17. Re1 c5 18. Rg3 Kh8 19. Bg5 Ng8 20. Bxe7 Qxe7 21. Nb6 Ra7
22. Qg4 f6 23. Nd5 Qe8 24. Qh4 Bb7 25. Nc7 Qe7 26. Ne6 Rf7 27. Nxc5 Qxc5 28.
Bxf7 d3+ 29. Kh1 d2 30. Rd1 Qxc2 31. Qg4 g5 32. fxg6 hxg6 33. Rh3+ Kg7 34.
Qxg6+ Kf8 35. Qxg8+ Ke7 36. Qe8+ Kd6 37. Qe6+ Kc7 38. Qc4+ 1-0

[Event "4NCL"]
[Site "Barcelo Hotel, Hinckley Island"]
[Date "2011.05.01"]
[Round "10.11"]
[White "Franklin, Samuel GA"]
[Black "Thompson, Ian D"]
[Result "1/2-1/2"]
[WhiteElo "2180"]
[BlackElo "2260"]
[PlyCount "57"]
[EventDate "2011.??.??"]
[WhiteTeam "Barbican Youth"]
[BlackTeam "Guildford A&DC 2"]

1. e4 e6 2. d4 d5 3. Nc3 Nf6 4. Bg5 dxe4 5. Nxe4 Be7 6. Bxf6 Bxf6 7. Nf3 O-O 8.
Qd2 Be7 9. O-O-O Qd5 10. Nc3 Qa5 11. a3 Nd7 12. Ne4 Qxd2+ 13. Rxd2 c5 14. dxc5
Nxc5 15. Nxc5 Bxc5 16. Ne5 a6 17. g3 f6 18. Nd3 Be7 19. Bg2 Rb8 20. Re1 Rd8 21.
f4 a5 22. Bh3 Kf7 23. Rde2 e5 24. Bxc8 Rbxc8 25. Kb1 Rd4 26. fxe5 b5 27. Re4
Rxe4 28. Rxe4 f5 29. Re2 1/2-1/2

[Event "4NCL"]
[Site "Barcelo Hotel, Hinckley Island"]
[Date "2011.05.01"]
[Round "10.12"]
[White "Granat, Russell G"]
[Black "Taylor, Peter P"]
[Result "0-1"]
[WhiteElo "2243"]
[BlackElo "2226"]
[PlyCount "63"]
[EventDate "2011.??.??"]
[WhiteTeam "Guildford A&DC 2"]
[BlackTeam "Barbican Youth"]

1. e4 c6 2. d4 d5 3. exd5 cxd5 4. c4 Nf6 5. Nc3 e6 6. c5 Be7 7. Bd3 O-O 8. Nf3
b6 9. b4 a5 10. Na4 Nbd7 11. Bf4 axb4 12. c6 Nh5 13. Bg3 Ndf6 14. c7 Qe8 15.
Nxb6 Nxg3 16. hxg3 Ra7 17. Ne5 h6 18. g4 Ne4 19. f3 Nc3 20. Qd2 Rxc7 21. Rxh6
gxh6 22. Qxh6 f5 23. Nxc8 Rxc8 24. Qxe6+ Kg7 25. Bxf5 Bh4+ 26. Kf1 Qxe6 27.
Bxe6 Ra8 28. Rc1 Rxa2 29. Nd3 Re8 30. Nxb4 Rf2+ 31. Kg1 Ne2+ 32. Kh2 0-1

[Event "4NCL"]
[Site "Barcelo Hotel, Hinckley Island"]
[Date "2011.05.01"]
[Round "10.13"]
[White "Bhatia, Kanwal K"]
[Black "Osborne, Marcus E"]
[Result "1-0"]
[WhiteElo "2087"]
[BlackElo "2231"]
[PlyCount "93"]
[EventDate "2011.??.??"]
[WhiteTeam "Barbican Youth"]
[BlackTeam "Guildford A&DC 2"]

1. e4 e6 2. d4 d5 3. Nd2 Nf6 4. e5 Nfd7 5. f4 c5 6. c3 Nc6 7. Ndf3 Qb6 8. a3
cxd4 9. cxd4 Be7 10. b3 O-O 11. Bd3 f6 12. Ne2 fxe5 13. fxe5 Rxf3 14. gxf3 Bh4+
15. Ng3 Qxd4 16. Ra2 Ndxe5 17. Be2 Bd7 18. f4 Qc3+ 19. Kf2 Ng6 20. Kg2 Nd4 21.
Bg4 Rf8 22. Rf1 Bb5 23. Rff2 Nxb3 24. Bb2 Qe3 25. Rf3 Nxf4+ 26. Kh1 Qd2 27.
Bxe6+ Nxe6 28. Rxf8+ Kxf8 29. Bxg7+ Nxg7 30. Rxd2 Nxd2 31. Qxd2 Be7 32. Qf4+
Ke8 33. Qb8+ Kf7 34. Qxb7 a6 35. Qxd5+ Kf8 36. Qf3+ Ke8 37. Qe4 h5 38. a4 Bd7
39. Qa8+ Kf7 40. Qxa6 h4 41. Ne4 Be6 42. Qb7 Bg4 43. a5 h3 44. a6 Ne6 45. a7
Bf3+ 46. Kg1 Nd8 47. Ng5+ 1-0

[Event "4NCL"]
[Site "Barcelo Hotel, Hinckley Island"]
[Date "2011.05.01"]
[Round "10.15"]
[White "Sanders, Isaac B"]
[Black "Meyer, Gordon"]
[Result "0-1"]
[WhiteElo "2015"]
[BlackElo "2166"]
[PlyCount "84"]
[EventDate "2011.??.??"]
[WhiteTeam "Barbican Youth"]
[BlackTeam "Guildford A&DC 2"]

1. d4 Nf6 2. c4 g6 3. Nc3 Bg7 4. e4 O-O 5. f3 c5 6. d5 d6 7. Bg5 e6 8. Qd2 Qa5
9. Nb5 Qb6 10. dxe6 Bxe6 11. Qxd6 Nc6 12. Qc7 Nb4 13. Kf2 Nd7 14. Rd1 Bd4+ 15.
Rxd4 cxd4 16. Be7 Nxa2 17. Qxb6 Nxb6 18. Bxf8 Kxf8 19. Nxd4 Bxc4 20. Bxc4 Nxc4
21. b3 Ne5 22. Nge2 Nb4 23. Ke3 Ned3 24. Nc2 Rd8 25. Nxb4 Nxb4 26. Nd4 Rc8 27.
Kd2 Ke7 28. h4 Kd6 29. f4 h5 30. Nb5+ Ke7 31. Nd4 a5 32. g3 a4 33. bxa4 Rc4 34.
Ne2 Rxe4 35. Rb1 Kd6 36. Kc3 Nd5+ 37. Kd3 Re3+ 38. Kd4 Rxe2 39. Rxb7 Ne7 40. a5
Ra2 41. Rb6+ Nc6+ 42. Ke4 Rxa5 0-1

[Event "4NCL"]
[Site "Barcelo Hotel, Hinckley Island"]
[Date "2011.05.01"]
[Round "10.16"]
[White "Shepley, Julien M"]
[Black "Stewart, Ashley"]
[Result "1/2-1/2"]
[WhiteElo "2043"]
[BlackElo "1969"]
[PlyCount "208"]
[EventDate "2011.??.??"]
[WhiteTeam "Guildford A&DC 2"]
[BlackTeam "Barbican Youth"]

1. d4 Nf6 2. Bg5 g6 3. Bxf6 exf6 4. e3 Bg7 5. Ne2 f5 6. g3 d5 7. Bg2 c6 8. c3
Nd7 9. Nf4 Nf6 10. Nd2 O-O 11. h4 h5 12. Rc1 Re8 13. O-O Qe7 14. Re1 Ng4 15.
Nf3 Bd7 16. Qd3 a5 17. Ng5 Bh6 18. Ngh3 Qd6 19. a4 Nf6 20. Re2 b5 21. axb5 cxb5
22. Qb1 a4 23. Qa2 Be6 24. Nd3 Ne4 25. Nhf4 a3 26. b4 Qc6 27. Qa1 Bxf4 28. Nxf4
Qc4 29. Ra2 Qb3 30. Ne2 Rec8 31. f3 Nd6 32. Rcc2 Nc4 33. Kf2 Ra7 34. Nc1 Qa4
35. Bf1 Rca8 36. Nd3 Qa6 37. Nc5 Qc6 38. Qc1 Kh7 39. Ra1 a2 40. Qd1 Qe8 41. Qe2
Bc8 42. Qd1 Na3 43. Rb2 Kg7 44. Bd3 Be6 45. Qe2 Nb1 46. Bxb1 axb1=Q 47. Raxb1
Ra3 48. Rc1 Qc6 49. Rcc2 R8a7 50. Ra2 Kh6 51. Rxa3 Rxa3 52. Qd2 Kg7 53. Ra2 Qa8
54. Rxa3 Qxa3 55. Nd3 Qa1 56. Kg2 Qb1 57. Nf4 Qa1 58. Kf2 Qb1 59. Qd3 Qb2+ 60.
Ne2 Bd7 61. Qd1 Be6 62. Qc1 Qa2 63. Ke1 Bd7 64. Qd2 Qb1+ 65. Nc1 Qa1 66. Qc2
Qa8 67. Qa2 Qc6 68. Kd2 Qd6 69. Ne2 Be6 70. Nf4 Qc7 71. Qa6 Qc4 72. Qa7 Kh6 73.
Nd3 Kh7 74. Nf4 Kh6 75. Qa8 Kg7 76. Qb7 Kh6 77. Qb8 Kg7 78. Ne2 Kh7 79. Qf8
Qa2+ 80. Ke1 Qb1+ 81. Kf2 Qa2 82. Qc5 Qa6 83. Kg2 Qa4 84. Qc6 Kg7 85. Qb6 Kh7
86. Qb7 Kg7 87. Qc7 Qc2 88. Kf2 Qd3 89. Qc5 Kh7 90. Qa7 Kg7 91. Qa1 Kg8 92. Qa2
Kh7 93. Qb2 Qc4 94. Nc1 Kg7 95. Qb3 Qc6 96. Nd3 Kh7 97. Qa3 Kg7 98. Nc5 Bc8 99.
Qa7 Kf8 100. Qb8 Kg7 101. Ke2 Kg8 102. Kd2 Kg7 103. Kc2 Kg8 104. Nd3 Kg7
1/2-1/2

[Event "4NCL"]
[Site "Barcelo Hotel, Hinckley Island"]
[Date "2011.05.01"]
[Round "10.17"]
[White "Cumming, Rhys"]
[Black "Punnett, Alan K"]
[Result "1/2-1/2"]
[WhiteElo "2008"]
[BlackElo "2063"]
[PlyCount "71"]
[EventDate "2011.??.??"]
[WhiteTeam "Barbican Youth"]
[BlackTeam "Guildford A&DC 2"]

1. e4 e6 2. d4 d5 3. Nd2 Be7 4. Bd3 Nf6 5. e5 Nfd7 6. Ne2 c5 7. c3 f6 8. Nf4
Nf8 9. Qh5+ g6 10. Bxg6+ Kd7 11. Bf7 Nc6 12. Nb3 fxe5 13. dxe5 Qc7 14. Be8+ Kd8
15. Bxc6 Qxc6 16. O-O Qe8 17. Qxe8+ Kxe8 18. Be3 b6 19. Rfe1 Bd7 20. a4 Kf7 21.
Nd2 Ng6 22. Nxg6 Kxg6 23. Nf3 Rhg8 24. a5 Bb5 25. axb6 axb6 26. Bd2 Bd3 27. h3
Be4 28. Nh2 h5 29. Nf1 Bg5 30. Bxg5 Kxg5 31. f3 Bd3 32. Kf2 Bxf1 33. Rxf1 Kf4
34. Rxa8 Rxa8 35. Re1 h4 36. Re2 1/2-1/2

[Event "4NCL"]
[Site "Barcelo Hotel, Hinckley Island"]
[Date "2011.05.01"]
[Round "10.18"]
[White "Dines, Sheila J"]
[Black "Morrison, Lynne GP"]
[Result "1-0"]
[WhiteElo "1900"]
[BlackElo "1913"]
[PlyCount "39"]
[EventDate "2011.??.??"]
[WhiteTeam "Guildford A&DC 2"]
[BlackTeam "Barbican Youth"]

1. e4 c5 2. Nc3 Nc6 3. f4 d6 4. h3 g6 5. Nf3 Bg7 6. Bc4 e6 7. d3 Nge7 8. O-O a6
9. a3 Bd7 10. Qe1 O-O 11. Ne2 d5 12. Ba2 dxe4 13. dxe4 Kh8 14. Qh4 f6 15. Bd2
e5 16. fxe5 Nxe5 17. Nxe5 fxe5 18. Rxf8+ Bxf8 19. Bg5 h5 20. Rf1 1-0

[Event "4NCL"]
[Site "Barcelo Hotel, Hinckley Island"]
[Date "2011.05.01"]
[Round "10.21"]
[White "Galego, Luis"]
[Black "Beaumont, Chris R"]
[Result "1-0"]
[WhiteElo "2500"]
[BlackElo "2308"]
[PlyCount "109"]
[EventDate "2011.??.??"]
[WhiteTeam "Jutes of Kent"]
[BlackTeam "Bristol 1"]

1. d4 Nf6 2. Nf3 g6 3. g3 Bg7 4. Bg2 d5 5. c4 dxc4 6. Qa4+ Nfd7 7. Qxc4 Nc6 8.
O-O Nb6 9. Qc2 O-O 10. e3 e5 11. Nxe5 Nxe5 12. dxe5 Bxe5 13. Nc3 c6 14. e4 Be6
15. Bh6 Bg7 16. Bxg7 Kxg7 17. Rfd1 Qe7 18. Ne2 Rfd8 19. Nd4 f6 20. a4 Bf7 21.
a5 Qb4 22. axb6 Rxd4 23. Rxd4 Qxd4 24. bxa7 Rxa7 25. Rd1 Qb4 26. h4 Ra2 27. Rd2
c5 28. Kh2 c4 29. Qc1 b5 30. h5 Ra1 31. Qc2 Qb3 32. Qxb3 cxb3 33. hxg6 hxg6 34.
Bf3 Kf8 35. Be2 Bc4 36. Bd1 Ke7 37. Kg2 Ke6 38. Kf3 f5 39. Kf4 fxe4 40. Kxe4
Rc1 41. f4 Kf6 42. g4 Be6 43. Ke3 Rc8 44. Be2 b4 45. g5+ Ke7 46. Bd3 Kf7 47.
Be4 Rh8 48. Rd6 Rh2 49. Bxg6+ Kxg6 50. Rxe6+ Kf5 51. Rf6+ Kg4 52. g6 Kh5 53. g7
Rg2 54. Rf5+ Kh6 55. Rg5 1-0

[Event "4NCL"]
[Site "Barcelo Hotel, Hinckley Island"]
[Date "2011.05.01"]
[Round "10.23"]
[White "Thorfinnsson, Bjorn"]
[Black "Salov, Sergei"]
[Result "1-0"]
[WhiteElo "2419"]
[BlackElo "2258"]
[PlyCount "57"]
[EventDate "2011.??.??"]
[WhiteTeam "Jutes of Kent"]
[BlackTeam "Bristol 1"]

1. d4 Nf6 2. c4 e6 3. Nf3 c5 4. d5 b5 5. dxe6 fxe6 6. cxb5 d5 7. Bf4 Bd6 8.
Bxd6 Qxd6 9. Nbd2 Nbd7 10. g3 a6 11. bxa6 O-O 12. Bg2 Bxa6 13. O-O c4 14. Qc2
Nc5 15. b3 cxb3 16. Nxb3 Rfc8 17. Qb2 Rab8 18. Rfc1 Bc4 19. Bh3 Re8 20. Qe5
Nce4 21. Nbd4 Rb6 22. Qxd6 Rxd6 23. Ne5 Ng5 24. Bg2 Ba6 25. Rc7 Rc8 26. Rac1
Rxc7 27. Rxc7 Rb6 28. h4 Nge4 29. Bh3 1-0

[Event "4NCL"]
[Site "Barcelo Hotel, Hinckley Island"]
[Date "2011.05.01"]
[Round "10.24"]
[White "Rudd, Jack"]
[Black "Dickenson, Neil F"]
[Result "0-1"]
[WhiteElo "2295"]
[BlackElo "2313"]
[PlyCount "62"]
[EventDate "2011.??.??"]
[WhiteTeam "Bristol 1"]
[BlackTeam "Jutes of Kent"]

1. e4 e6 2. d4 d5 3. Nd2 c5 4. exd5 Qxd5 5. Ngf3 cxd4 6. Bc4 Qd6 7. Qe2 Nf6 8.
Nb3 Nc6 9. Bg5 a6 10. O-O-O b5 11. Bd3 Bd7 12. Kb1 Be7 13. Rhe1 Rd8 14. g3 Qd5
15. Bf4 Bb4 16. Rg1 Be7 17. g4 h6 18. g5 Nh5 19. Bc1 hxg5 20. Nxg5 Nf6 21. f3
Qe5 22. Qf1 Rxh2 23. Re1 Qc7 24. f4 Nb4 25. Nxf7 Kxf7 26. Nxd4 Bf8 27. f5 e5
28. Nf3 Rxc2 29. Nxe5+ Kg8 30. Qh3 Rxc1+ 31. Rxc1 Qxe5 0-1

[Event "4NCL"]
[Site "Barcelo Hotel, Hinckley Island"]
[Date "2011.05.01"]
[Round "10.26"]
[White "Collier, David O"]
[Black "Rice, Chris B"]
[Result "1/2-1/2"]
[WhiteElo "2098"]
[BlackElo "2078"]
[PlyCount "85"]
[EventDate "2011.??.??"]
[WhiteTeam "Bristol 1"]
[BlackTeam "Jutes of Kent"]

1. d4 d5 2. c4 c6 3. Nf3 Nf6 4. Nc3 dxc4 5. a4 Bf5 6. e3 e6 7. a5 Bb4 8. Qa4
Qe7 9. Bxc4 O-O 10. O-O Nbd7 11. Be2 a6 12. h3 h6 13. Bd2 Bd6 14. Rfc1 Rfe8 15.
Be1 e5 16. Rd1 e4 17. Nd2 Rac8 18. Nc4 Bb8 19. Qb3 Rc7 20. Qa3 Qxa3 21. Rxa3
Re6 22. Rb3 Nd5 23. Na4 Kf8 24. Nc5 Nxc5 25. dxc5 Rd7 26. Na3 Ba7 27. Rc1 Re8
28. Bc4 Be6 29. Bxd5 Bxd5 30. Rbc3 Be6 31. Nc4 Bxc4 32. Rxc4 Rd5 33. Kf1 f5 34.
Ke2 Red8 35. Bc3 R8d7 36. Bd4 Bb8 37. Rb4 Be5 38. Bxe5 Rxe5 39. Rd4 Red5 40.
Rxd5 Rxd5 41. Rc3 Kf7 42. Rb3 Rd7 43. f3 1/2-1/2

[Event "4NCL"]
[Site "Barcelo Hotel, Hinckley Island"]
[Date "2011.05.01"]
[Round "10.31"]
[White "Munson, Shaun D"]
[Black "Swanson, Stephen"]
[Result "1/2-1/2"]
[WhiteElo "2201"]
[BlackElo "2269"]
[PlyCount "84"]
[EventDate "2011.??.??"]
[WhiteTeam "Anglian Avengers 1"]
[BlackTeam "Poisoned Pawns 1"]

1. d4 d6 2. Nc3 g6 3. e4 Bg7 4. Bg5 a6 5. Nf3 Nd7 6. Bc4 h6 7. Bf4 e6 8. a4 b6
9. Qd2 Ne7 10. O-O Bb7 11. h3 Nf6 12. e5 Nfd5 13. Nxd5 Nxd5 14. Bh2 O-O 15.
Rfe1 Ne7 16. Qe2 Bxf3 17. Qxf3 d5 18. Bd3 c5 19. dxc5 bxc5 20. c4 d4 21. h4 Nf5
22. h5 Rb8 23. Rab1 Rb3 24. Qe2 Qg5 25. Bc2 Rb4 26. Qd3 Qxh5 27. Bf4 Qh4 28.
Bd2 Rb7 29. Re4 Qd8 30. g4 Ne7 31. Kg2 Nc6 32. f4 Nb4 33. Bxb4 Rxb4 34. Kg3 Qc7
35. b3 Rb7 36. Re2 Rfb8 37. Rh1 Qa5 38. Rd1 Qc7 39. Rde1 Rb6 40. Kh3 Qb7 41.
Rb1 Qd7 42. Rf1 Re8 1/2-1/2

[Event "4NCL"]
[Site "Barcelo Hotel, Hinckley Island"]
[Date "2011.05.01"]
[Round "10.32"]
[White "Posazhennikov, Alex"]
[Black "Talsma, Paul A"]
[Result "1-0"]
[WhiteElo "2233"]
[BlackElo "2260"]
[PlyCount "59"]
[EventDate "2011.??.??"]
[WhiteTeam "Poisoned Pawns 1"]
[BlackTeam "Anglian Avengers 1"]

1. d4 f5 2. e4 fxe4 3. Nc3 Nf6 4. Bg5 Nc6 5. d5 Ne5 6. Qd4 Nf7 7. h4 e5 8. Qa4
Be7 9. Bxf6 Bxf6 10. Nxe4 O-O 11. Bd3 d6 12. O-O-O c6 13. dxc6 bxc6 14. Bc4 Be7
15. Nxd6 Bxd6 16. Qxc6 Bf5 17. Bxf7+ Rxf7 18. Rxd6 Qf8 19. Qd5 Rc8 20. Rc6 Rd8
21. Qc4 Rd4 22. Qc3 Bd7 23. Rc7 Rxf2 24. Nf3 Rd6 25. Re1 Rxg2 26. Nxe5 Rgd2 27.
Nd3 Rg2 28. Qc4+ Kh8 29. Qe4 Rg4 30. Qe7 1-0